| 000 | 00458nam a22001457a 4500 | ||
|---|---|---|---|
| 999 |
_c3782 _d234286 |
||
| 020 | _a8496044351 | ||
| 080 | _a342.72/ 73 P 935 | ||
| 245 | _aPrimer Informe sobre los procedimientos administrativos de detenciòn, internamiento y expulsiòn de los extranjeros en Cataluña | ||
| 260 |
_aBarcelona _bUniversitat de Barcelona _c2003 |
||
| 300 | _a78 P. | ||
| 650 | _xderecho administrativo | ||
| 650 | _xinmigrantes | ||
| 942 | _6_ | ||
| 945 |
_acd _d2015-04-27 |
||